000 00803cam a22002897a 4500
003 CHAP
005 20220329140819.0
008 971013s1935 r 00010 d
010 _a58053
011 _a59025
035 _a63182
040 _cCHAP
082 _a580
_bS45
100 0 0 _aSmith, Gilbert M.
_9107021
245 1 2 _aA textbook of general botany
250 _a3 ed.
260 _aNew York :
_bMacMillan,
_c1935
300 _a574 p.
_b: ilus.
590 _aBATCH-UPD
_b10
_c20130110
_lUCH01
_h0640
590 _aBATCH-UPD
_b10
_c20130410
_lUCH01
_h0325
590 _aBATCH-UPD
_b10
_c20130914
_lUCH01
_h0734
590 _aCONVERSION
_b10
_c20130109
_lUCH01
_h1331
650 1 4 _aBotánica.
_914477
901 _aBK
942 _cLIBRO
949 _a580 S45
_bBC
_cBPP
_d-135705
_eBPP
_h8834
_i63182
_si
999 _c58053
_d58053